000
00314nam a22001337a 4500
008
180302b xxu||||| |||| 00| 0 eng d
020
_a
9780312258573
041
_a
eng
080
_a
808
100
_a
11
101
_a
BIO
245
_a
Writing Papers in the Biological Sciences
_c
McMillan, V.E
942
_2
udc
_c
BK
999
_c
44038
_d
44038